Auditing (Record no. 5883)

MARC details
000 -LEADER
fixed length control field 00469cam a2200193ua 4500
001 - CONTROL NUMBER
control field 6740
005 - DATE AND TIME OF LATEST TRANSACTION
control field 20260515114110.0
008 - FIXED-LENGTH DATA ELEMENTS--GENERAL INFORMATION
fixed length control field 140212n ii |||gr||||Z||||||eng
040 ## - CATALOGING SOURCE
Transcribing agency MAIN
082 ## - DEWEY DECIMAL CLASSIFICATION NUMBER
Classification number 657.45
245 ## - TITLE STATEMENT
Title Auditing
Statement of responsibility, etc. By Dhruba duttachowdhury
250 ## - EDITION STATEMENT
Edition statement 1st.
260 ## - PUBLICATION, DISTRIBUTION, ETC.
Place of publication, distribution, etc. Calcutta:
Name of publisher, distributor, etc. New central book agency,
Date of publication, distribution, etc. 1990.
300 ## - PHYSICAL DESCRIPTION
Extent x,410p.
653 ## - INDEX TERM--UNCONTROLLED
Uncontrolled term Accounting
653 ## - INDEX TERM--UNCONTROLLED
Uncontrolled term Auditing
700 ## - ADDED ENTRY--PERSONAL NAME
Personal name Duttachowdhury,Dhruba,
Relator term Author.,
942 ## - ADDED ENTRY ELEMENTS (KOHA)
Koha item type Books
Holdings
Withdrawn status Lost status Damaged status Not for loan Home library Current library Shelving location Date acquired Total checkouts Full call number Barcode Date last seen Copy number Price effective from Koha item type
        Naharkatiya College Library Naharkatiya College Library General stacks 09/19/2020   657.45 | DUT 13137 09/19/2020 1 09/19/2020 Books
        Naharkatiya College Library Naharkatiya College Library General stacks 09/19/2020   657.45 | DUT 13139 09/19/2020 2 09/19/2020 Books